Essentials of organizational behavior / (Record no. 199144)

MARC details
000 -LEADER
fixed length control field 00625nam a2200205Ia 4500
005 - DATE AND TIME OF LATEST TRANSACTION
control field 20220208094343.0
008 - FIXED-LENGTH DATA ELEMENTS--GENERAL INFORMATION
fixed length control field 210716s2004 xx 000 0 und d
020 ## - INTERNATIONAL STANDARD BOOK NUMBER
International Standard Book Number 8129701014
040 ## - CATALOGING SOURCE
Transcribing agency AIMIT LIBRARY
041 ## - LANGUAGE CODE
Language code of text/sound track or separate title eng
082 ## - DEWEY DECIMAL CLASSIFICATION NUMBER
Classification number 658.4
Edition number 7
Item number ROBS
100 ## - MAIN ENTRY--PERSONAL NAME
Personal name Robbins, Stephen P.
9 (RLIN) 17468
245 ## - TITLE STATEMENT
Title Essentials of organizational behavior /
Statement of responsibility, etc. By Stephen P Robbins
250 ## - EDITION STATEMENT
Edition statement 7th ed.
260 ## - PUBLICATION, DISTRIBUTION, ETC.
Place of publication, distribution, etc. New Delhi :
Name of publisher, distributor, etc. Pearson Education ,
Date of publication, distribution, etc. 2004 .
300 ## - PHYSICAL DESCRIPTION
Extent xx,300p. ;
Dimensions 24cm.
650 ## - SUBJECT ADDED ENTRY--TOPICAL TERM
Topical term or geographic name entry element Groups in the organization
9 (RLIN) 17469
650 ## - SUBJECT ADDED ENTRY--TOPICAL TERM
Topical term or geographic name entry element Individual Decision Making
9 (RLIN) 17470
942 ## - ADDED ENTRY ELEMENTS (KOHA)
Source of classification or shelving scheme Dewey Decimal Classification
Koha item type Book
Edition 7th
Call number prefix 658.4 ROBS
Holdings
Withdrawn status Lost status Source of classification or shelving scheme Damaged status Not for loan Collection code Home library Current library Date acquired Cost, normal purchase price Inventory number Total Checkouts Full call number Barcode Date last seen Cost, replacement price Price effective from Koha item type
    Dewey Decimal Classification     MBA St Aloysius Institute of Management & Information Technology St Aloysius Institute of Management & Information Technology 07/04/2005 150.00 Bill no:6563; Bill dt:2005-06-30   658.4 ROBS MBA01709 05/23/2026 120.00 07/16/2021 Book
    Dewey Decimal Classification     MBA St Aloysius Institute of Management & Information Technology St Aloysius Institute of Management & Information Technology 09/06/2005 150.00 Bill no:117; Bill dt:2005-08-29   658.4 ROBS MBA01943 05/23/2026 120.00 07/16/2021 Book